[Event "FICGS W-ch st1 g05 email"]
[Site "FICGS email"]
[Date "2014.03.03"]
[Round "1"]
[White "Huang, Jing"]
[Black "Alfieri, Matteo"]
[Result "0-1"]
[WhiteElo "1555"]
[BlackElo "2000"]
[PlyCount "60"]
[EventDate "2014.??.??"]
[EventType "tourn (corr)"]
[EventRounds "8"]
[SourceTitle "Corr 2022"]
[Source "ChessBase"]
[SourceDate "2021.10.24"]
[SourceVersion "1"]
[SourceVersionDate "2021.10.24"]
[SourceQuality "1"]

1. e4 e6 2. d4 d5 3. exd5 exd5 4. Nf3 Nf6 5. Nc3 Bd6 6. Bg5 c6 7. Bd3 0-0 8. 0-0 h6 9. Bh4 Bg4 10. Re1 Nbd7 11. h3 Bxf3 12. Qxf3 Qb6 13. Ne2 Rfe8 14. Rab1 Qa5 15. a3 Ne4 16. Qf5 Nf8 17. Ra1 Qb6 18. b3 Re6 19. Qg4 Rae8 20. Rec1 Ng6 21. b4 Nxh4 22. Qxh4 g6 23. f3 g5 24. Qg4 Nf6 25. Qf5 Rxe2 26. Qxf6 R8e6 27. Qf5 Qxd4+ 28. Kh1 Qf2 29. Qh7+ Kf8 30. Bxe2 Qg3 0-1

[Event "FICGS W-ch st1 g05 email"]
[Site "FICGS email"]
[Date "2014.03.03"]
[Round "1"]
[White "Suhardjo, Johanes"]
[Black "Alfieri, Matteo"]
[Result "1-0"]
[WhiteElo "1820"]
[BlackElo "2000"]
[PlyCount "97"]
[EventDate "2014.??.??"]
[EventType "tourn (corr)"]
[EventRounds "8"]
[SourceTitle "Corr 2022"]
[Source "ChessBase"]
[SourceDate "2021.10.24"]
[SourceVersion "1"]
[SourceVersionDate "2021.10.24"]
[SourceQuality "1"]

1. e4 e6 2. d4 d5 3. Nc3 Nf6 4. e5 Nfd7 5. Nce2 c5 6. c3 Nc6 7. f4 Qb6 8. Nf3 cxd4 9. Nexd4 Nxd4 10. cxd4 Bb4+ 11. Bd2 Bxd2+ 12. Qxd2 f6 13. Bd3 a6 14. Rc1 Qa7 15. f5 Qb6 16. fxe6 Qxe6 17. 0-0 0-0 18. Qc2 f5 19. g4 Qh6 20. gxf5 Rb8 21. e6 Nf6 22. Ne5 Ne8 23. Kh1 Qh4 24. Qc5 b6 25. Qa3 Qg5 26. Nc6 Rb7 27. Bxa6 Qf6 28. Bxb7 Bxb7 29. Ne7+ Kh8 30. Rg1 g5 31. fxg6 Qxd4 32. gxh7 Qe4+ 33. Rg2 Rf6 34. Qg3 Qxh7 35. Qg8+ Qxg8 36. Rxg8+ Kh7 37. Rxe8 d4+ 38. Kg1 Ba6 39. Rc7 Rf1+ 40. Kg2 Kh6 41. Nc6 Re1 42. Nxd4 Bf1+ 43. Kf2 Re4 44. e7 Bd3 45. Rh8+ Kg5 46. e8Q Rxe8 47. Rxe8 Bb1 48. Rf7 Kg6 49. Rf4 1-0

[Event "FICGS rapid A 000157 email"]
[Site "FICGS email"]
[Date "2014.02.07"]
[Round "1"]
[White "Tri, Trevor"]
[Black "Alfieri, Matteo"]
[Result "0-1"]
[WhiteElo "2000"]
[BlackElo "2000"]
[PlyCount "20"]
[EventDate "2014.??.??"]
[EventType "tourn (rapid)"]
[EventRounds "6"]
[SourceTitle "Corr 2022"]
[Source "ChessBase"]
[SourceDate "2021.10.24"]
[SourceVersion "1"]
[SourceVersionDate "2021.10.24"]
[SourceQuality "1"]

1. e4 e6 2. d4 d5 3. e5 c5 4. c3 Nc6 5. Nf3 Qb6 6. a3 Nh6 7. b4 cxd4 8. Bxh6 gxh6 9. cxd4 Bd7 10. Be2 Rg8 0-1